Short cases in orthopaedics :for PG practical examination

Saved in:
Bibliographic Details
Main Author: KUMARAVEL S.
Format: Book
Language:English
Published: Jaypee Brothers Medical Publishers 2013
Tags: Add Tag
No Tags, Be the first to tag this record!

MARC

LEADER 00000nam a22000007a 4500
008 211021b ||||| |||| 00| 0 eng d
020 |a 9789350900833 
100 |a KUMARAVEL S. 
245 |a Short cases in orthopaedics  |b :for PG practical examination  |c S. Kumaravel  |g XVII,183p.:ill. 
260 |b Jaypee Brothers Medical Publishers  |c 2013  |h New Delhi  |i 697130  |i 697131  |l RD732.6.K96  |m Orthopedic Procedures 
942 |a lcc  |c BK  |e Kuteyi M. A.  |f 21/10/2021 
952 |0 0  |1 0  |2 lcc  |4 0  |6 RD07326 K96  |7 0  |9 3654  |a HOL  |b HOL  |c QZ  |d 2021-10-21  |l 0  |o RD732.6.K96  |p 2021-67390  |r 2021-10-21 00:00:00  |w 2021-10-21  |y BK 
952 |0 0  |1 0  |2 lcc  |4 0  |6 RD07326 K96  |7 0  |9 3655  |a HOL  |b ML  |c QZ  |d 2021-10-21  |l 0  |o RD732.6.K96  |p 2021-67391  |r 2021-10-21 00:00:00  |w 2021-10-21  |y BK 
999 |c 1813  |d 1813